000 01795cad a22003015a 4500
001 E147806
008 090619s2009 xxk f s000 0 eng d
035 _a(Sirsi) u147806
041 0 _aeng
110 2 _aScotland
_kLaws, etc
245 0 4 _aThe Environmental Impact Assessment (Scotland) Amendment Regulations 2009
_h[electronic resource]
260 _aEdinburgh
_bScottish Government
_c2009
490 0 _aScottish Statutory Instrument
_v2009: 221
520 _aThese Regulations amend the Environmental Impact Assessment (Scotland) Regulations 1999 to take into account changes made to the Town and Country Planning (Scotland) Act 1997 by the Planning etc. (Scotland) Act 2006, of the replacement of provisions relating to procedures and time limits set out in the Town and Country Planning (General Development Procedure) (Scotland) Order 1992 by the provisions of the Town and Country Planning (Development Management Procedure) (Scotland) Regulations 2008 from 3 August 2009.
520 _aComes into force 3 August 2009.
521 _aAdvanced
590 _aKA
650 2 4 _aENVIRONMENTAL IMPACT ASSESSMENT (SCOTLAND) AMENDMENT REGULATIONS 2009
650 2 4 _aENVIRONMENTAL IMPACT ASSESSMENT (SCOTLAND) REGULATIONS 1999
650 2 4 _aTOWN AND COUNTRY PLANNING (SCOTLAND) ACT 1997
650 2 4 _aPLANNING ETC. (SCOTLAND) ACT 2006
650 2 4 _aTOWN AND COUNTRY PLANNING (GENERAL DEVELOPMENT PROCEDURE) (SCOTLAND) ORDER 1992
650 2 4 _aTOWN AND COUNTRY PLANNING (DEVELOPMENT MANAGEMENT PROCEDURE) (SCOTLAND) REGULATIONS 2008
651 4 _aScotland
_y1999-
690 _aPlanning and development
_96259
856 4 0 _uhttps://www.opsi.gov.uk/legislation/scotland/ssi2009/ssi_20090221_en_1
_zView the statutory instrument free of charge at www.opsi.gov.uk...
942 _n0
999 _c109731
_d109731